Differential Equations / (Record no. 181485)
[ view plain ]
| 000 -LEADER | |
|---|---|
| fixed length control field | 00999 a2200205 4500 |
| 003 - CONTROL NUMBER IDENTIFIER | |
| control field | Nust |
| 005 - DATE AND TIME OF LATEST TRANSACTION | |
| control field | 20221121093720.0 |
| 010 ## - LIBRARY OF CONGRESS CONTROL NUMBER | |
| LC control number | 6628306 |
| 040 ## - CATALOGING SOURCE | |
| Transcribing agency | Nust |
| 082 ## - DEWEY DECIMAL CLASSIFICATION NUMBER | |
| Classification number | 515.35,NAG |
| 100 ## - MAIN ENTRY--PERSONAL NAME | |
| Personal name | Nielsen Kaj L. |
| 9 (RLIN) | 39242 |
| 245 ## - TITLE STATEMENT | |
| Title | Differential Equations / |
| Statement of responsibility, etc. | Nielsen Kaj L. |
| 250 ## - EDITION STATEMENT | |
| Edition statement | 2nd ed. |
| 260 ## - PUBLICATION, DISTRIBUTION, ETC. | |
| Place of publication, distribution, etc. | New york |
| Name of publisher, distributor, etc. | Barnes and Noble |
| Date of publication, distribution, etc. | 1966 |
| 300 ## - PHYSICAL DESCRIPTION | |
| Extent | 275p |
| 505 ## - FORMATTED CONTENTS NOTE | |
| Formatted contents note | Foundations (Page-1), Definitions And Fundamentals (Page-21), First Order Differential Equations Of The First Degree (Page-32), First Order Equations Of Higher Degree (Page-58), Geometric Applications (Page-71), Operational Methods (Page-108), Applications (Page-122), Sys Of Equations (Page-141), Solution In Power Series (Page-156), Numerical Methods (Page-175), Partial Differential Equations Of Higher Order (Page-200), Elementary Scientific Analysis (Page-214), The Laplace Transform (Page-242). |
| 600 ## - SUBJECT ADDED ENTRY--PERSONAL NAME | |
| Personal name | Niesen Kaj L |
| 9 (RLIN) | 103223 |
| 650 ## - SUBJECT ADDED ENTRY--TOPICAL TERM | |
| Topical term or geographic name entry element | Differential Equations |
| 9 (RLIN) | 688 |
| 942 ## - ADDED ENTRY ELEMENTS (KOHA) | |
| Source of classification or shelving scheme | |
| Koha item type | Book |
| Call number prefix | 515.35,NAG |
| Withdrawn status | Lost status | Source of classification or shelving scheme | Damaged status | Not for loan | Permanent Location | Current Location | Shelving location | Date acquired | Full call number | Barcode | Date last seen | Price effective from | Koha item type | Public note |
|---|---|---|---|---|---|---|---|---|---|---|---|---|---|---|
| Military College of Signals (MCS) | Military College of Signals (MCS) | General Stacks | 12/12/2016 | 515.35,NIE | MCS28398 | 12/08/2016 | 12/12/2016 | Book | Almirah No.13 Shelf No. 4 |
